[Event "Chess Super League 2021"]
[Site "Online"]
[Date "2021.10.15"]
[Round "5.2"]
[White "Harika, Dronavalli"]
[Black "Karavade, Eesha"]
[Result "1-0"]
[WhiteElo "2511"]
[BlackElo "2345"]
[Annotator "ChessBase"]
[PlyCount "107"]
[EventDate "2021.10.11"]
[EventType "team-tourn"]
[EventCountry "NET"]
[SourceTitle "playchess.com"]
[Source "ChessBase"]
[SourceQuality "1"]
[TimeControl "900+10"]

1. c4 {[%emt 0:00:11]} e6 {[%emt 0:00:15]} 2. Nf3 {[%emt 0:00:03]} d5 {[%emt 0:00:03]} 3. b3 {[%emt 0:00:13]} Nf6 {[%emt 0:00:39]} 4. Bb2 {[%emt 0:00:02]} c5 {[%emt 0:00:28]} 5. e3 {[%emt 0:00:02]} Nc6 {[%emt 0:00:02]} 6. cxd5 {[%emt 0:00:09]} exd5 {[%emt 0:00:03]} 7. d4 {[%emt 0:00:44]} cxd4 {[%emt 0:00:47]} 8. Nxd4 {[%emt 0:00:02]} Bb4+ {[%emt 0:00:04]} 9. Bc3 {[%emt 0:00:02]} Qb6 {[%emt 0:02:58]} 10. Bxb4 {[%emt 0:02:22]} Qxb4+ {[%emt 0:00:11]} 11. Qd2 {[%emt 0:00:01]} Qxd2+ {[%emt 0:00:05]} 12. Kxd2 {[%emt 0:00:36]} Nxd4 {[%emt 0:00:05]} 13. exd4 {[%emt 0:00:01]} Bf5 {[%emt 0:00:37]} 14. Nc3 {[%emt 0:00:04]} O-O-O {[%emt 0:00:52]} 15. f3 {[%emt 0:00:17]} h5 {[%emt 0:00:02]} 16. Rc1 {[%emt 0:01:44]} Kb8 {[%emt 0:00:36]} 17. Bd3 {[%emt 0:00:03]} Bxd3 {[%emt 0:00:07]} 18. Kxd3 {[%emt 0:00:00]} Rhe8 {[%emt 0:00:02]} 19. Rhe1 {[%emt 0:00:13]} Rxe1 {[%emt 0:01:45]} 20. Rxe1 {[%emt 0:00:01]} Rd7 {[%emt 0:00:03]} 21. h4 {[%emt 0:00:39]} Kc7 {[%emt 0:00:56]} 22. Rc1 {[%emt 0:02:04]} Kb8 {[%emt 0:00:28]} 23. Ne2 {[%emt 0:02:03]} Rc7 {[%emt 0:00:41]} 24. Rd1 {[%emt 0:00:32]} Re7 {[%emt 0:00:29]} 25. Nf4 {[%emt 0:00:16]} Kc7 {[%emt 0:00:07]} 26. Rc1+ {[%emt 0:00:01]} Kd8 {[%emt 0:00:28]} 27. Rc5 {[%emt 0:00:28]} Rd7 {[%emt 0:00:02]} 28. Kd2 {[%emt 0:00:08]} b6 {[%emt 0:00:07]} 29. Rc1 {[%emt 0:00:09]} Rc7 {[%emt 0:00:03]} 30. Re1 {[%emt 0:00:01]} Re7 {[%emt 0:00:02]} 31. Re5 {[%emt 0:00:05]} g6 {[%emt 0:01:04]} 32. a4 {[%emt 0:00:57]} Rxe5 {[%emt 0:00:20]} 33. dxe5 {[%emt 0:00:01]} Nd7 {[%emt 0:00:01]} 34. e6 {[%emt 0:00:20]} fxe6 {[%emt 0:00:03]} 35. Nxe6+ {[%emt 0:00:02]} Ke7 {[%emt 0:00:16]} 36. Nf4 {[%emt 0:00:01]} Kf6 {[%emt 0:00:01]} 37. Nxd5+ {[%emt 0:00:08]} Kf5 {[%emt 0:00:01]} 38. b4 {[%emt 0:00:32]} Ke5 {[%emt 0:00:36]} 39. Ne7 {[%emt 0:00:30]} Kf6 {[%emt 0:00:01]} 40. Nc6 {[%emt 0:00:03]} a5 {[%emt 0:00:18]} 41. Kc3 {[%emt 0:00:20]} axb4+ {[%emt 0:00:10]} 42. Kxb4 {[%emt 0:00:03]} g5 {[%emt 0:00:07]} 43. hxg5+ {[%emt 0:00:54]} Kxg5 {[%emt 0:00:03]} 44. g3 {[%emt 0:00:47]} h4 {[%emt 0:00:03]} 45. gxh4+ {[%emt 0:00:08]} Kxh4 {[%emt 0:00:01]} 46. Kb5 {[%emt 0:00:03]} Kg3 {[%emt 0:00:04]} 47. Nd4 {[%emt 0:00:05]} Kf4 {[%emt 0:00:03]} 48. Kc6 {[%emt 0:00:11]} Nc5 {[%emt 0:00:38]} 49. Ne6+ {[%emt 0:01:21]} Nxe6 {[%emt 0:00:02]} 50. Kxb6 {[%emt 0:00:00]} Ke5 {[%emt 0:00:30]} 51. a5 {[%emt 0:00:02]} Kd6 {[%emt 0:00:03]} 52. a6 {[%emt 0:00:02]} Nc5 {[%emt 0:00:04]} 53. a7 {[%emt 0:00:07]} Na4+ {[%emt 0:00:07]} 54. Ka5 {[%emt 0:00:05]} 1-0

[Event "Chess Super League 2021"]
[Site "Online"]
[Date "2021.10.15"]
[Round "5.2"]
[White "Salonika, Saina"]
[Black "Tarini Goyal"]
[Result "1/2-1/2"]
[WhiteElo "2206"]
[BlackElo "2164"]
[Annotator "ChessBase"]
[PlyCount "56"]
[EventDate "2021.10.11"]
[EventType "team-tourn"]
[EventCountry "NET"]
[SourceTitle "playchess.com"]
[Source "ChessBase"]
[SourceQuality "1"]
[TimeControl "900+10"]

1. e4 {[%emt 0:00:11]} c6 {[%emt 0:00:16]} 2. d4 {[%emt 0:00:09]} d5 {[%emt 0:00:11]} 3. Nc3 {[%emt 0:00:14]} dxe4 {[%emt 0:00:15]} 4. Nxe4 {[%emt 0:00:03]} Bf5 {[%emt 0:00:03]} 5. Ng3 {[%emt 0:00:03]} Bg6 {[%emt 0:00:05]} 6. h4 {[%emt 0:00:05]} h6 {[%emt 0:00:13]} 7. Nf3 {[%emt 0:00:25]} Nd7 {[%emt 0:00:24]} 8. h5 {[%emt 0:00:11]} Bh7 {[%emt 0:00:02]} 9. Bd3 {[%emt 0:00:19]} Bxd3 {[%emt 0:00:19]} 10. Qxd3 {[%emt 0:00:02]} e6 {[%emt 0:00:36]} 11. Bd2 {[%emt 0:00:55]} Ngf6 {[%emt 0:00:31]} 12. O-O-O {[%emt 0:00:20]} Be7 {[%emt 0:00:29]} 13. Ne4 {[%emt 0:00:52]} Nxe4 {[%emt 0:00:14]} 14. Qxe4 {[%emt 0:00:03]} Nf6 {[%emt 0:00:02]} 15. Qe2 {[%emt 0:00:03]} Qd5 {[%emt 0:00:34]} 16. c4 {[%emt 0:01:03]} Qe4 {[%emt 0:00:42]} 17. Qxe4 {[%emt 0:01:02]} Nxe4 {[%emt 0:00:03]} 18. Be3 {[%emt 0:00:02]} f5 {[%emt 0:02:05]} 19. Nd2 {[%emt 0:02:09]} Nxd2 {[%emt 0:01:43]} 20. Kxd2 {[%emt 0:00:47]} Kf7 {[%emt 0:01:21]} 21. Ke2 {[%emt 0:00:07]} Rhd8 {[%emt 0:00:24]} 22. Rd3 {[%emt 0:00:35]} Rd7 {[%emt 0:01:14]} 23. Rhd1 {[%emt 0:00:27]} Rad8 {[%emt 0:00:06]} 24. b3 {[%emt 0:00:36]} Bf6 {[%emt 0:00:21]} 25. R3d2 {[%emt 0:02:19]} Rd6 {[%emt 0:01:30]} 26. Rd3 {[%emt 0:01:09]} R6d7 {[%emt 0:00:42]} 27. R3d2 {[%emt 0:01:02]} Rd6 {[%emt 0:01:01]} 28. Rd3 {[%emt 0:00:07]} R6d7 {[%emt 0:00:07]} 1/2-1/2

[Event "Chess Super League 2021"]
[Site "Online"]
[Date "2021.10.15"]
[Round "5.3"]
[White "Sasikiran, Krishnan"]
[Black "Ding, Liren"]
[Result "0-1"]
[WhiteElo "2640"]
[BlackElo "2799"]
[Annotator "TA"]
[PlyCount "144"]
[EventDate "2021.10.11"]
[EventType "team-tourn"]
[EventCountry "NET"]
[SourceTitle "playchess.com"]
[Source "ChessBase"]
[SourceQuality "1"]

{[%evp 11,144,10,10,10,10,10,16,0,5,0,8,0,0,-10,27,29,22,0,0,-10,-23,-10,-16,-8,0,-8,0,0,0,0,34,0,53,44,45,0,0,0,0,0,0,0,0,0,0,0,0,0,0,0,0,0,0,0,0,0,0,-6,12,11,16,0,0,0,0,0,0,0,43,42,56,0,0,0,0,0,0,-8,-8,-8,-8,-10,-8,-15,-18,-52,-58,-100,0,0,0,0,0,0,0,0,0,-12,-12,-12,-27,-108,-108,-101,-165,-398,-335,-788,-779,-741,-694,-850,-773,-849,-777,-1294,-1385,-1708,-1624,-2554,-2303,-4686,-2701,-29963,-29966,-29966,-29959,-29985,-29986,-29986,-29987,-29987,-29988,-29988,-29989]} 1. e4 c6 2. Nf3 d5 3. Nc3 Bg4 4. h3 Bxf3 5. Qxf3 e6 6. g3 Nf6 7. Bg2 {B11: Caro-Kann: Two Knights Variation.} Bc5 {7...Bb4 is setting a new trend.} 8. O-O O-O 9. d3 {The position is equal.} Nbd7 10. Qe2 a5 $5 {[%mdl 4] Exploring less charted territory.} 11. a4 Qc7 {[#]} 12. Kh2 $146 ({Predecessor:} 12. Kh1 d4 13. Nd1 b5 14. f4 Nb6 15. b3 e5 16. f5 Be7 17. g4 h6 18. Bd2 {1-0 (58) Libiszewski,F (2537)-Laznicka,V (2654) Grosseto Prugna 2016}) 12... Rfd8 13. f4 dxe4 14. Nxe4 (14. dxe4 {keeps more tension.} e5 15. f5 h6 16. h4 Ne8 17. g4) 14... Nxe4 15. Qxe4 Nf6 16. Qe2 Rd7 17. Bd2 Rad8 18. Rae1 Bb4 (18... Nd5 {is more complex.} 19. Kh1 Bd6 20. b3 g6 21. Qf2 b5) 19. Bc3 Bxc3 20. bxc3 g6 21. c4 (21. Qe5 $5 {[%cal Re5f6]} Nd5 22. c4 Qxe5 23. Rxe5 $11) 21... Re7 (21... Rd6 $11) 22. Qe3 Kg7 23. f5 Rde8 24. fxg6 hxg6 25. Qe5 Qxe5 26. Rxe5 Ra8 27. Rb1 Rc7 28. d4 Nd7 29. Re3 e5 30. c3 (30. dxe5 Nc5 $17) 30... Rd8 31. Kg1 ({But not} 31. dxe5 Nc5 $17) 31... exd4 32. cxd4 Nf6 33. Rd3 Rcd7 34. Rbd1 c5 {[%cal Rc5d4]} 35. d5 Ne8 36. Rb3 Nd6 37. Bf1 Re7 38. Bd3 f5 39. Rb6 Kf6 40. Kf2 Re5 41. g4 (41. Kf3 $14) 41... fxg4 $11 42. h4 Rf8 43. Kg3 Re3+ 44. Kxg4 Ke5 45. Bxg6 Rf4+ {[%mdl 64] Double Attack} 46. Kh5 $1 Rxc4 47. Rg1 Kxd5 {White must now prevent ...Re5+.} 48. Rg5+ Re5 49. Bh7 {Threatens to win with Bg8+.} Rd4 (49... Rxg5+ $17 50. Kxg5 Rxa4) 50. Bg8+ $1 Ke4 51. Bh7+ Kf4 {Strongly threatening ...Rdd5.} 52. Rb1 $1 {[%cal Rb1f1] aiming for Rf1+.} Red5 53. Rf1+ Ke3 54. Bg8 Rxg5+ 55. hxg5 {[%mdl 4096] Endgame KRB-KRN} Ne4 {And now ...Ng3+ would win.} 56. Rf8 {[#]} (56. Kh6 $11) 56... Nxg5 $1 $17 {[%mdl 512] White is now going downhill.} 57. Kxg5 Rxa4 {KRB-KR} 58. Bd5 $2 {[#]} (58. Re8+ {was called for.} Kd3 59. Kf6) 58... Rb4 $1 $19 59. Rc8 $2 (59. Be6 c4 60. Bg4) 59... Kd4 60. Rd8 Kc3 61. Kf5 a4 62. Ra8 b5 63. Ke5 c4 64. Kd6 Kb2 65. Kc5 Rb3 $1 66. Rh8 {[#]} c3 $1 67. Bxb3 Kxb3 {Black mates.} 68. Kxb5 {KR-KPP} a3 {[%cal Ba4a3,Ba3a2][%mdl 32]} 69. Rh1 a2 70. Kc5 c2 71. Kd4 Kb2 72. Kd3 c1=Q {[%mdl 64] Promotion.  Weighted Error Value: White=0.19/Black=0.07} 0-1

[Event "Chess Super League 2021"]
[Site "Online"]
[Date "2021.10.15"]
[Round "5.3"]
[White "Gupta, Abhijeet"]
[Black "Nakamura, Hikaru"]
[Result "0-1"]
[WhiteElo "2628"]
[BlackElo "2736"]
[Annotator "TA"]
[PlyCount "86"]
[EventDate "2021.10.11"]
[EventType "team-tourn"]
[EventCountry "NET"]
[SourceTitle "playchess.com"]
[Source "ChessBase"]
[SourceQuality "1"]

{[%evp 11,86,22,83,10,70,60,63,62,68,61,62,42,62,65,71,52,45,25,15,30,25,10,27,0,0,0,0,-5,20,21,18,10,14,0,78,79,67,68,174,174,172,-100,-104,-101,-104,-275,70,-256,-243,-314,-314,-322,-314,-312,-280,-683,-648,-1453,-1428,-1602,-1556,-1520,-660,-556,-571,-635,-625,-1127,-1043,-1021,-956,-1614,-1544,-6079,-5306,-29986,-29986]} 1. d4 {Krasenkow,M} Nf6 2. c4 e6 3. Nf3 c5 4. d5 b5 5. Bg5 exd5 6. cxd5 d6 (6... h6 $11 {keeps the balance.} 7. Bxf6 Qxf6) 7. e3 {[#] is the legacy move (7.e4). E10: Blumenfeld Gambit.} (7. e4 $16) 7... Bd7 $146 (7... a6 $11) ({Predecessor:} 7... a6 8. a4 b4 9. Nbd2 Be7 10. Nc4 Bb7 11. Bxf6 Bxf6 12. a5 O-O 13. Bd3 Qe7 14. O-O Nd7 {0-1 (38) Delchev,A (2629)-Mamedyarov,S (2733) Porto Carras 2011 CBM 146 [Krasenkow,M]}) 8. Nc3 $14 a6 9. a4 {White is slightly better.} bxa4 $1 10. Be2 Be7 11. O-O {[%mdl 1024] White has compensation.} Ra7 12. e4 O-O 13. h3 Rb7 14. Qd2 Bb5 15. Rfe1 Nbd7 16. Bf4 Qb8 17. Qc2 Re8 18. e5 dxe5 19. Nxe5 Bd6 20. Nc6 Qc7 21. Bxd6 Qxd6 22. Bxb5 axb5 (22... Rxe1+ $11 {remains equal.} 23. Rxe1 axb5) 23. Rxe8+ $16 Nxe8 24. Qe2 $1 {[%cal Re2e8]} Nc7 (24... Qf8 $14) 25. Re1 $1 $18 Kf8 26. Qe7+ $2 (26. Ne4 $1 $18 {[%cal Re4d6]} Qxd5 27. Nd8) 26... Qxe7 $17 27. Rxe7 Ne8 $1 28. Ne4 $2 (28. Nxb5 $17 Rxb5 29. Rxd7 Rxb2 30. Ne5) 28... Rc7 $2 {[#]} (28... b4 $1 $19 {...c4 is the strong threat.} 29. Kf1 c4) 29. Ng5 $2 {[%mdl 8192]} (29. d6 $1 $14 {is the one way to stay ahead.} Rxc6 30. Rxd7) 29... Ndf6 $19 30. Rxc7 Nxc7 {[%mdl 4096] Endgame KNN-KNN} 31. d6 Ne6 32. Nxe6+ fxe6 {KN-KN} 33. Ne5 $2 (33. Nd8 Nd7 34. Nxe6+ Kf7 35. Ng5+ Ke8 36. Kf1) 33... c4 34. Kf1 c3 35. bxc3 a3 36. d7 {[#]} Ke7 (36... Nxd7 $142 $1 {[%mdl 512]} 37. Nxd7+ Ke7) 37. Nc6+ Kxd7 38. Nb4 Nd5 {White must now prevent ...Nxb4.} 39. Na2 Kd6 40. Ke2 Kc5 41. Kd2 Kc4 42. Kc2 b4 {[%cal Bb5b4,Bb4c3][%mdl 32]} 43. Nc1 bxc3 {Weighted Error Value: White=1.01/Black=0.37} 0-1

[Event "Chess Super League 2021"]
[Site "Online"]
[Date "2021.10.15"]
[Round "5.3"]
[White "Arjun Kalyan"]
[Black "Aryan Chopra"]
[Result "0-1"]
[WhiteElo "2537"]
[BlackElo "2585"]
[Annotator "TA"]
[PlyCount "200"]
[EventDate "2021.10.11"]
[EventType "team-tourn"]
[EventCountry "NET"]
[SourceTitle "playchess.com"]
[Source "ChessBase"]
[SourceQuality "1"]

{[%evp 9,200,8,14,8,37,37,28,27,25,39,46,48,57,35,57,72,66,65,54,56,61,55,85,54,54,43,47,22,61,50,69,62,63,53,86,66,80,87,117,74,73,79,81,72,77,80,79,31,37,38,40,18,142,131,129,135,130,29,50,52,60,59,62,39,93,81,77,69,101,69,80,69,114,72,103,50,80,84,124,87,86,64,69,19,17,0,0,0,0,0,0,0,0,0,0,0,0,0,0,0,8,0,8,0,8,8,8,8,8,8,8,8,17,0,0,0,105,0,0,0,0,0,0,0,0,0,0,-4,0,0,0,-37,-37,-37,-37,-37,-37,-37,0,-476,0,0,0,0,0,-8,0,-318,0,-355,0,-304,0,-339,-318,-943,-898,-853,-828,-891,-782,-1953,-1253,-2067,0,-1391,0,-1482,-1222,-11276,-11744,-5547,-5900,-5377,-4187,-5085,-4939,-1942,-2520,-29967,-29968,-29972,-29973,-29974,-29975,-29979,-29980,-29981,-29982,-29982,-29983,-29982,-29983]} 1. e4 c5 2. Nf3 d6 3. Bb5+ Nd7 4. O-O a6 5. Be2 Ngf6 6. d3 {B51: Sicilian: Moscow Variation (3 Bb5+) without 3...Bd7.} g6 7. c4 Bg7 8. Nc3 {White has an edge.} O-O 9. d4 cxd4 10. Nxd4 Qc7 11. Be3 e6 12. Rc1 b6 13. f3 Bb7 14. Qd2 {[#]} Rac8 $146 ({Predecessor:} 14... Rfe8 15. Rfd1 Rac8 16. Bf1 Qb8 17. b4 Bf8 18. a3 {½-½ (19) Adamski,J (2470)-Peev,P (2460) Leipzig 1977}) 15. Rfd1 Rfd8 16. Bh6 Bxh6 17. Qxh6 Re8 18. Bf1 Ne5 19. b3 Qe7 20. Qg5 Rc5 {Strongly threatening ...Nxf3+!} 21. Qh4 Kh8 22. Nde2 Rcc8 23. Qf2 Ned7 24. Rd2 Red8 25. Rcd1 Ne8 26. Na4 b5 27. cxb5 axb5 28. Nb6 Nxb6 29. Qxb6 Rb8 $1 30. Nc3 (30. Qa7 {keeps more tension.} Kg8 31. Nf4 Ra8 32. Qf2 Bc6 33. Nd3) 30... Qf6 (30... Kg8 $1 $11 {keeps the balance.}) 31. Qd4 $36 {[%mdl 2048] White is in control.} ({Much less strong is} 31. Nxb5 $6 Bxe4 32. Qe3 Bd5 $14) 31... Qxd4+ 32. Rxd4 Bc6 {[#]} 33. e5 (33. Rb4 $1 $16) 33... d5 34. Ne2 Bd7 35. Rc1 Rdc8 36. Rdd1 Kg7 (36... f6 $14) 37. Nd4 b4 38. f4 Kf8 39. Kf2 Ke7 40. Ke3 h5 41. g3 Kd8 42. Bd3 (42. Rxc8+ $16 Rxc8 43. Ra1) 42... Rxc1 43. Rxc1 Ra8 44. Rc2 Nc7 45. Kd2 Kc8 46. Kc1 Kb7 47. Kb2 Kb6 48. Rc1 Ra7 49. Rd1 Kc5 50. Be2 Nb5 51. Bxb5 Bxb5 $11 {[%mdl 4096] Endgame KRB-KRN} 52. Rd2 Ra8 (52... Bd7 {seems wilder.} 53. Rd1 Bb5) 53. Nf3 Kb6 54. Rc2 Bd7 55. Nd4 Ra7 56. Kc1 Bb5 57. Kd2 Bd7 58. Ke3 Ra8 59. Nf3 Be8 60. Kd4 Ra7 61. Ne1 Bb5 62. Ng2 Be8 (62... Ra8 $11 {remains equal.}) 63. Ne3 (63. h4 $16) 63... Bd7 64. h3 Ra8 65. Rg2 Rc8 66. Rc2 Ra8 67. Ng2 Bb5 68. Ne1 Bf1 69. h4 Bh3 70. Nf3 Bf5 71. Rd2 Rc8 72. Ke3 $1 Rc3+ 73. Kf2 Kc5 74. Nd4 $2 {[%mdl 8192]} (74. Ng5 $11) 74... Bd3 $2 (74... Rd3 $19 75. Rxd3 Bxd3) 75. Nf3 d4 76. Ng5 Bf5 77. Nxf7 Kd5 78. Nd6 $2 {[%mdl 8192]} (78. Ng5 $1 $11) 78... Bg4 $2 (78... Be4 $19 {And now ...Rf3+ would win.} 79. Ne8 Rf3+ 80. Ke1 d3) 79. Ne8 $2 {[%mdl 8192]} (79. Nc4 $11) 79... Bf5 $2 ({Better is} 79... Rf3+ $19 80. Ke1 d3) 80. Nd6 $2 {[%mdl 8192]} (80. Nf6+ $11 {and White has nothing to worry.} Kc5 81. Nd7+ Kd5 82. Nf6+ Kc5 83. Nd7+ Kd5 84. Nf6+) 80... Bg4 81. Ne8 Rf3+ 82. Kg2 $2 (82. Ke1 d3 83. Rg2) 82... d3 $19 83. Nd6 {[#]} Kd4 $1 84. Nc4 Kc3 85. Kh2 Rf1 86. Kg2 Rf3 87. Kh2 $1 Rf1 88. Kg2 Rd1 89. Rxd1 Bxd1 {KB-KN} 90. Kf2 d2 91. Ke3 Bxb3 $1 {[%mdl 64] Double Attack} 92. Nxd2 Bxa2 93. Ne4+ Kc2 94. Nc5 b3 {Black mates.} 95. Nd3 b2 96. Nxb2 Kxb2 97. f5 gxf5 98. Kf4 Bc4 99. Kg5 Be2 100. Kf6 Bg4 {Weighted Error Value: White=0.13/Black=0.13} 0-1

[Event "Chess Super League 2021"]
[Site "Online"]
[Date "2021.10.15"]
[Round "5.3"]
[White "Kulkarni Bhakti"]
[Black "Muzychuk, Mariya"]
[Result "0-1"]
[WhiteElo "2388"]
[BlackElo "2536"]
[Annotator "ChessBase"]
[PlyCount "120"]
[EventDate "2021.10.11"]
[EventType "team-tourn"]
[EventCountry "NET"]
[SourceTitle "playchess.com"]
[Source "ChessBase"]
[SourceQuality "1"]
[TimeControl "900+10"]

1. d4 {[%emt 0:00:11]} d5 {[%emt 0:00:15]} 2. Bf4 {[%emt 0:00:05]} Nf6 {[%emt 0:00:08]} 3. Nf3 {[%emt 0:00:06]} Bf5 {[%emt 0:00:05]} 4. c3 {[%emt 0:00:12]} e6 {[%emt 0:02:02]} 5. e3 {[%emt 0:00:07]} Bd6 {[%emt 0:00:22]} 6. Ne5 {[%emt 0:00:33]} Nbd7 {[%emt 0:00:41]} 7. Bd3 {[%emt 0:00:26]} O-O {[%emt 0:01:36]} 8. O-O {[%emt 0:00:16]} Bxe5 {[%emt 0:01:11]} 9. Bxe5 {[%emt 0:01:57]} Nxe5 {[%emt 0:00:40]} 10. Bxf5 {[%emt 0:00:38]} Nc4 {[%emt 0:00:29]} 11. b3 {[%emt 0:01:33]} exf5 {[%emt 0:00:43]} 12. bxc4 {[%emt 0:00:02]} dxc4 {[%emt 0:00:01]} 13. Na3 {[%emt 0:00:05]} Qd5 {[%emt 0:00:13]} 14. Qa4 {[%emt 0:01:48]} Ne4 {[%emt 0:00:08]} 15. Rac1 {[%emt 0:00:34]} Nd6 {[%emt 0:00:09]} 16. Rb1 {[%emt 0:00:11]} a6 {[%emt 0:00:23]} 17. Nc2 {[%emt 0:00:26]} Ne4 {[%emt 0:01:07]} 18. Nb4 {[%emt 0:00:02]} Qd6 {[%emt 0:00:14]} 19. Rb2 {[%emt 0:00:29]} b5 {[%emt 0:01:13]} 20. Qa3 {[%emt 0:00:31]} a5 {[%emt 0:00:35]} 21. Nc2 {[%emt 0:00:02]} Rfb8 {[%emt 0:00:21]} 22. Qxd6 {[%emt 0:00:58]} cxd6 {[%emt 0:00:52]} 23. Na3 {[%emt 0:00:10]} d5 {[%emt 0:00:09]} 24. Nxb5 {[%emt 0:01:51]} Nxc3 {[%emt 0:00:25]} 25. a4 {[%emt 0:00:01]} Nxb5 {[%emt 0:01:58]} 26. axb5 {[%emt 0:00:15]} a4 {[%emt 0:00:02]} 27. Ra1 {[%emt 0:00:05]} a3 {[%emt 0:00:07]} 28. Rb4 {[%emt 0:00:07]} Rb6 {[%emt 0:00:27]} 29. Kf1 {[%emt 0:00:07]} g6 {[%emt 0:00:06]} 30. Ke2 {[%emt 0:00:02]} Ra5 {[%emt 0:00:20]} 31. Ra2 {[%emt 0:00:16]} Kg7 {[%emt 0:00:05]} 32. Rb1 {[%emt 0:00:02]} g5 {[%emt 0:00:27]} 33. h3 {[%emt 0:00:33]} Kg6 {[%emt 0:00:06]} 34. Kd2 {[%emt 0:00:01]} h5 {[%emt 0:00:43]} 35. Kc3 {[%emt 0:00:14]} h4 {[%emt 0:00:08]} 36. Rba1 {[%emt 0:00:29]} Rbxb5 {[%emt 0:00:19]} 37. Rxa3 {[%emt 0:00:02]} Rxa3+ {[%emt 0:00:04]} 38. Rxa3 {[%emt 0:00:01]} Rb1 {[%emt 0:00:55]} 39. Ra6+ {[%emt 0:00:12]} f6 {[%emt 0:00:07]} 40. Ra5 {[%emt 0:00:18]} Rg1 {[%emt 0:00:02]} 41. Rxd5 {[%emt 0:00:11]} Rxg2 {[%emt 0:00:02]} 42. Rd7 {[%emt 0:00:46]} g4 {[%emt 0:00:33]} 43. hxg4 {[%emt 0:00:08]} fxg4 {[%emt 0:00:01]} 44. d5 {[%emt 0:00:10]} h3 {[%emt 0:00:04]} 45. Rd8 {[%emt 0:00:03]} Rxf2 {[%emt 0:00:47]} 46. d6 {[%emt 0:00:12]} Kf7 {[%emt 0:00:27]} 47. d7 {[%emt 0:00:08]} Ke7 {[%emt 0:00:05]} 48. Rg8 {[%emt 0:00:02]} Kxd7 {[%emt 0:00:01]} 49. Rxg4 {[%emt 0:00:01]} h2 {[%emt 0:00:23]} 50. Rh4 {[%emt 0:00:05]} Ke6 {[%emt 0:00:05]} 51. Rh5 {[%emt 0:00:46]} Kf7 {[%emt 0:00:06]} 52. Kxc4 {[%emt 0:00:06]} Kg6 {[%emt 0:00:01]} 53. Rh8 {[%emt 0:00:06]} Kf5 {[%emt 0:00:01]} 54. Kd3 {[%emt 0:00:16]} Kg4 {[%emt 0:00:03]} 55. Rh6 {[%emt 0:00:36]} Kg3 {[%emt 0:00:05]} 56. Rg6+ {[%emt 0:00:05]} Kh3 {[%emt 0:00:02]} 57. Rh6+ {[%emt 0:00:04]} Kg2 {[%emt 0:00:01]} 58. Rg6+ {[%emt 0:00:02]} Kf1 {[%emt 0:00:01]} 59. Rh6 {[%emt 0:00:02]} Kg1 {[%emt 0:00:01]} 60. Rg6+ {[%emt 0:00:08]} Rg2 {[%emt 0:00:05]} 0-1

[Event "Chess Super League 2021"]
[Site "Online"]
[Date "2021.10.15"]
[Round "5.3"]
[White "Gomes, Mary Ann"]
[Black "Abdumalik, Zhansaya"]
[Result "0-1"]
[WhiteElo "2354"]
[BlackElo "2507"]
[Annotator "ChessBase"]
[PlyCount "110"]
[EventDate "2021.10.11"]
[EventType "team-tourn"]
[EventCountry "NET"]
[SourceTitle "playchess.com"]
[Source "ChessBase"]
[SourceQuality "1"]
[TimeControl "900+10"]

1. Nf3 {[%emt 0:00:17]} Nf6 {[%emt 0:00:20]} 2. g3 {[%emt 0:00:05]} g6 {[%emt 0:00:05]} 3. Bg2 {[%emt 0:00:16]} Bg7 {[%emt 0:00:01]} 4. c4 {[%emt 0:00:03]} O-O {[%emt 0:00:12]} 5. O-O {[%emt 0:00:06]} d5 {[%emt 0:00:01]} 6. cxd5 {[%emt 0:00:14]} Nxd5 {[%emt 0:00:01]} 7. d4 {[%emt 0:00:02]} Nb6 {[%emt 0:00:08]} 8. Nc3 {[%emt 0:00:05]} Nc6 {[%emt 0:00:02]} 9. d5 {[%emt 0:00:03]} Na5 {[%emt 0:00:01]} 10. Qc2 {[%emt 0:00:19]} c6 {[%emt 0:00:02]} 11. dxc6 {[%emt 0:00:02]} Nxc6 {[%emt 0:00:01]} 12. Rd1 {[%emt 0:00:03]} Qe8 {[%emt 0:00:01]} 13. e4 {[%emt 0:00:30]} Bg4 {[%emt 0:00:15]} 14. Be3 {[%emt 0:06:24]} Nc4 {[%emt 0:00:38]} 15. Qe2 {[%emt 0:00:31]} N6e5 {[%emt 0:00:54]} 16. Bd4 {[%emt 0:02:16]} f5 {[%emt 0:02:32]} 17. Bxe5 {[%emt 0:02:53]} Nxe5 {[%emt 0:00:07]} 18. Qe3 {[%emt 0:00:15]} Nc4 {[%emt 0:00:56]} 19. Qc1 {[%emt 0:01:30]} Rc8 {[%emt 0:00:14]} 20. exf5 {[%emt 0:00:38]} gxf5 {[%emt 0:01:54]} 21. Rd3 {[%emt 0:00:09]} e5 {[%emt 0:00:13]} 22. Nd2 {[%emt 0:00:10]} e4 {[%emt 0:01:13]} 23. Nxc4 {[%emt 0:00:02]} exd3 {[%emt 0:00:11]} 24. Nd6 {[%emt 0:00:03]} Rxc3 {[%emt 0:00:11]} 25. bxc3 {[%emt 0:00:02]} Qe5 {[%emt 0:00:58]} 26. Nc4 {[%emt 0:01:07]} Qxc3 {[%emt 0:00:59]} 27. Rb1 {[%emt 0:00:14]} Qxc1+ {[%emt 0:00:47]} 28. Rxc1 {[%emt 0:00:02]} Bh6 {[%emt 0:00:40]} 29. f4 {[%emt 0:00:20]} Bg7 {[%emt 0:00:35]} 30. h3 {[%emt 0:00:27]} Bd4+ {[%emt 0:00:22]} 31. Kf1 {[%emt 0:00:15]} Be2+ {[%emt 0:00:32]} 32. Ke1 {[%emt 0:00:02]} b5 {[%emt 0:00:52]} 33. Bd5+ {[%emt 0:00:17]} Kh8 {[%emt 0:00:27]} 34. Nd2 {[%emt 0:00:01]} Re8 {[%emt 0:00:35]} 35. Rc6 {[%emt 0:00:37]} Bg4+ {[%emt 0:01:11]} 36. Re6 {[%emt 0:00:05]} Rxe6+ {[%emt 0:00:01]} 37. Bxe6 {[%emt 0:00:01]} Bxh3 {[%emt 0:00:00]} 38. Bd7 {[%emt 0:00:03]} a6 {[%emt 0:00:22]} 39. Bc8 {[%emt 0:00:01]} a5 {[%emt 0:00:09]} 40. Ba6 {[%emt 0:00:03]} b4 {[%emt 0:00:02]} 41. Bxd3 {[%emt 0:00:01]} Kg7 {[%emt 0:00:36]} 42. Nc4 {[%emt 0:00:09]} a4 {[%emt 0:00:05]} 43. Bc2 {[%emt 0:00:05]} a3 {[%emt 0:00:07]} 44. Nd6 {[%emt 0:00:17]} Kf6 {[%emt 0:00:07]} 45. Nb5 {[%emt 0:00:07]} Bc5 {[%emt 0:00:17]} 46. Nc7 {[%emt 0:00:04]} Bg2 {[%emt 0:00:11]} 47. Ne8+ {[%emt 0:00:13]} Kf7 {[%emt 0:00:15]} 48. Nc7 {[%emt 0:00:02]} Kf6 {[%emt 0:01:12]} 49. Ne8+ {[%emt 0:00:03]} Kg6 {[%emt 0:00:02]} 50. Ke2 {[%emt 0:00:32]} Bd5 {[%emt 0:00:08]} 51. Bb1 {[%emt 0:00:49]} b3 {[%emt 0:00:02]} 52. axb3 {[%emt 0:00:03]} Bxb3 {[%emt 0:00:01]} 53. g4 {[%emt 0:00:16]} a2 {[%emt 0:00:24]} 54. gxf5+ {[%emt 0:00:02]} Kf7 {[%emt 0:00:08]} 55. Nc7 {[%emt 0:00:02]} axb1=Q {[%emt 0:00:06]} 0-1